000 00642cam a2200169 a 4500
001 000006316
005 20200929153921.0
008 840214r19471948sp a 000 0 spa d
040 _aDO-SdBNP
_bspa
_cBNPHU
082 _axx
_bV857ó
100 1 _aVives, Juan Luis,
_d1492-1540.
_917618
245 0 0 _aObras completas /
_cprimera traslación castellana integra y directa, comentarios, notas y un ensayo biobibliográfico Juan Luis Vives, Valenciano Lorenzo Riber.
260 _aMadrid :
_bM. Aguilar,
_c1947-1948.
300 _a2 v. :
_bil. ;
_c18 cm.
650 0 _aPhilosophy
_xCollected works.
_917619
700 1 _aRiber, Lorenzo,
_d1882-
_eed.
_917620
999 _c6111
_d6111